<?xml version="1.0" encoding="UTF-8"?>
<record
    xmlns:xsi="http://www.w3.org/2001/XMLSchema-instance"
    xsi:schemaLocation="http://www.loc.gov/MARC21/slim http://www.loc.gov/standards/marcxml/schema/MARC21slim.xsd"
    xmlns="http://www.loc.gov/MARC21/slim">

  <leader>03544nam a22002657a 4500</leader>
  <controlfield tag="005">20260121161732.0</controlfield>
  <controlfield tag="008">260121b        |||||||| |||| 00| 0 eng d</controlfield>
  <datafield tag="040" ind1=" " ind2=" ">
    <subfield code="c">AL</subfield>
  </datafield>
  <datafield tag="041" ind1=" " ind2=" ">
    <subfield code="a">kan</subfield>
  </datafield>
  <datafield tag="082" ind1=" " ind2=" ">
    <subfield code="a">K894.3</subfield>
    <subfield code="b">TARK</subfield>
  </datafield>
  <datafield tag="100" ind1=" " ind2=" ">
    <subfield code="a">Tarun Tejpal</subfield>
    <subfield code="9">252126</subfield>
  </datafield>
  <datafield tag="100" ind1=" " ind2=" ">
    <subfield code="9">252011</subfield>
    <subfield code="d">&#xCA4;&#xCB0;&#xCC1;&#xCA3;&#xCCD; &#xCA4;&#xCC7;&#xC9C;&#xCAA;&#xCBE;&#xCB2;&#xCCD; </subfield>
  </datafield>
  <datafield tag="245" ind1=" " ind2=" ">
    <subfield code="a">Kama rasayana</subfield>
    <subfield code="b">: &#xC95;&#xCBE;&#xCAE;&#xCB0;&#xCB8;&#xCBE;&#xCAF;&#xCA8; </subfield>
  </datafield>
  <datafield tag="260" ind1=" " ind2=" ">
    <subfield code="a">Bengaluru</subfield>
    <subfield code="b">Srushti Publications</subfield>
    <subfield code="c">2025</subfield>
  </datafield>
  <datafield tag="300" ind1=" " ind2=" ">
    <subfield code="a">xvi,719p</subfield>
    <subfield code="b">PB</subfield>
    <subfield code="c">23x15.5cm</subfield>
  </datafield>
  <datafield tag="365" ind1=" " ind2=" ">
    <subfield code="2">Kannada</subfield>
    <subfield code="a">KSCR-000701</subfield>
    <subfield code="b">&#x20B9;680.00</subfield>
    <subfield code="c">&#x20B9;</subfield>
    <subfield code="d">&#x20B9;850.00</subfield>
    <subfield code="e">20%</subfield>
    <subfield code="f">13-01-2026</subfield>
  </datafield>
  <datafield tag="520" ind1=" " ind2=" ">
    <subfield code="a">Kamarasayana" (&#xC95;&#xCBE;&#xCAE;&#xCB0;&#xCB8;&#xCBE;&#xCAF;&#xCA8;) &#xC8E;&#xCA8;&#xCCD;&#xCA8;&#xCC1;&#xCB5;&#xCC1;&#xCA6;&#xCC1; &#xCA4;&#xCB0;&#xCC1;&#xCA3;&#xCCD; &#xC9C;&#xCC6;. &#xCA4;&#xCC7;&#xC9C;&#xCCD;&#x200C;&#xCAA;&#xCBE;&#xCB2;&#xCCD; &#xC85;&#xCB5;&#xCB0; &#xCAA;&#xCCD;&#xCB0;&#xCB8;&#xCBF;&#xCA6;&#xCCD;&#xCA7; &#xC87;&#xC82;&#xC97;&#xCCD;&#xCB2;&#xCBF;&#xCB7;&#xCCD; &#xC95;&#xCBE;&#xCA6;&#xC82;&#xCAC;&#xCB0;&#xCBF; "The Alchemy of Desire" &#xCA8; &#xC95;&#xCA8;&#xCCD;&#xCA8;&#xCA1; &#xC85;&#xCA8;&#xCC1;&#xCB5;&#xCBE;&#xCA6;&#xCB5;&#xCBE;&#xC97;&#xCBF;&#xCA6;&#xCC6;. &#xC88; &#xC95;&#xCBE;&#xCA6;&#xC82;&#xCAC;&#xCB0;&#xCBF;&#xCAF;&#xCC1; &#xC95;&#xCBE;&#xCAE;&#xCA8;&#xCC6;, &#xCAA;&#xCCD;&#xCB0;&#xCC7;&#xCAE; &#xCAE;&#xCA4;&#xCCD;&#xCA4;&#xCC1; &#xCAE;&#xCBE;&#xCA8;&#xCB5;&#xCA8; &#xC86;&#xCB8;&#xCC6;&#xC97;&#xCB3; &#xCB8;&#xC82;&#xC95;&#xCC0;&#xCB0;&#xCCD;&#xCA3;&#xCA4;&#xCC6;&#xCAF;&#xCA8;&#xCCD;&#xCA8;&#xCC1; &#xC85;&#xCA8;&#xCCD;&#xCB5;&#xCC7;&#xCB7;&#xCBF;&#xCB8;&#xCC1;&#xCA4;&#xCCD;&#xCA4;&#xCA6;&#xCC6;. 
&#xC95;&#xCBE;&#xCA6;&#xC82;&#xCAC;&#xCB0;&#xCBF;&#xCAF; &#xCB8;&#xCBE;&#xCB0;&#xCBE;&#xC82;&#xCB6; (Summary)
&#xC95;&#xCA5;&#xCBE;&#xCB5;&#xCB8;&#xCCD;&#xCA4;&#xCC1;: &#xC87;&#xCA6;&#xCC1; 20&#xCA8;&#xCC7; &#xCB6;&#xCA4;&#xCAE;&#xCBE;&#xCA8;&#xCA6; &#xC85;&#xC82;&#xCA4;&#xCCD;&#xCAF;&#xCA6; &#xCAD;&#xCBE;&#xCB0;&#xCA4;&#xCA6; &#xCB9;&#xCBF;&#xCA8;&#xCCD;&#xCA8;&#xCC6;&#xCB2;&#xCC6;&#xCAF;&#xCB2;&#xCCD;&#xCB2;&#xCBF; &#xCA8;&#xCA1;&#xCC6;&#xCAF;&#xCC1;&#xCB5; &#xC95;&#xCA5;&#xCC6;. &#xC92;&#xCAC;&#xCCD;&#xCAC; &#xCAC;&#xCA1; &#xCAC;&#xCB0;&#xCB9;&#xC97;&#xCBE;&#xCB0; &#xCAE;&#xCA4;&#xCCD;&#xCA4;&#xCC1; &#xC85;&#xCB5;&#xCA8; &#xCB8;&#xCC1;&#xC82;&#xCA6;&#xCB0;&#xCBF; &#xCAA;&#xCA4;&#xCCD;&#xCA8;&#xCBF; &#xCB9;&#xCBF;&#xCAE;&#xCBE;&#xCB2;&#xCAF;&#xCA6; &#xCA4;&#xCAA;&#xCCD;&#xCAA;&#xCB2;&#xCBF;&#xCA8;&#xCB2;&#xCCD;&#xCB2;&#xCBF;&#xCB0;&#xCC1;&#xCB5; &#xCB9;&#xCB3;&#xCC6;&#xCAF; &#xCAC;&#xC82;&#xC97;&#xCB2;&#xCC6;&#xC97;&#xCC6; &#xCB5;&#xCBE;&#xCB8;&#xCCD;&#xCA4;&#xCB5;&#xCCD;&#xCAF; &#xCAC;&#xCA6;&#xCB2;&#xCBE;&#xCAF;&#xCBF;&#xCB8;&#xCC1;&#xCA4;&#xCCD;&#xCA4;&#xCBE;&#xCB0;&#xCC6;.
&#xCAA;&#xCA4;&#xCCD;&#xCA4;&#xCC6;&#xCAF;&#xCBE;&#xC97;&#xCC1;&#xCB5; &#xCB0;&#xCB9;&#xCB8;&#xCCD;&#xCAF;: &#xCAC;&#xC82;&#xC97;&#xCB2;&#xCC6;&#xCAF; &#xCA8;&#xCB5;&#xCC0;&#xC95;&#xCB0;&#xCA3;&#xCA6; &#xCB8;&#xCAE;&#xCAF;&#xCA6;&#xCB2;&#xCCD;&#xCB2;&#xCBF;, &#xC85;&#xCB5;&#xCB0;&#xCBF;&#xC97;&#xCC6; &#xCB9;&#xCB3;&#xCC6;&#xCAF; &#xCA6;&#xCBF;&#xCA8;&#xC9A;&#xCB0;&#xCBF;&#xC97;&#xCB3;&#xCC1; (diaries) &#xCB8;&#xCBF;&#xC97;&#xCC1;&#xCA4;&#xCCD;&#xCA4;&#xCB5;&#xCC6;. &#xC87;&#xCB5;&#xCC1; &#xC92;&#xCAC;&#xCCD;&#xCAC; &#xC85;&#xCAE;&#xCC7;&#xCB0;&#xCBF;&#xC95;&#xCA8;&#xCCD; &#xCAE;&#xCB9;&#xCBF;&#xCB3;&#xCC6;&#xCAF; &#xCB8;&#xCBE;&#xCB9;&#xCB8;&#xCAE;&#xCAF; &#xC9C;&#xCC0;&#xCB5;&#xCA8; &#xCAE;&#xCA4;&#xCCD;&#xCA4;&#xCC1;
&#xCB0;&#xCB9;&#xCB8;&#xCCD;&#xCAF;&#xC97;&#xCB3;&#xCA8;&#xCCD;&#xCA8;&#xCC1; &#xC92;&#xCB3;&#xC97;&#xCCA;&#xC82;&#xCA1;&#xCBF;&#xCB0;&#xCC1;&#xCA4;&#xCCD;&#xCA4;&#xCB5;&#xCC6;.
&#xCAC;&#xCA6;&#xCB2;&#xCBE;&#xC97;&#xCC1;&#xCB5; &#xC9C;&#xCC0;&#xCB5;&#xCA8;: &#xC88; &#xCA6;&#xCBF;&#xCA8;&#xC9A;&#xCB0;&#xCBF;&#xC97;&#xCB3;&#xCA8;&#xCCD;&#xCA8;&#xCC1; &#xC93;&#xCA6;&#xCC1;&#xCA4;&#xCCD;&#xCA4;&#xCBE; &#xCAC;&#xCB0;&#xCB9;&#xC97;&#xCBE;&#xCB0;&#xCA8;&#xCC1; &#xCA4;&#xCA8;&#xCCD;&#xCA8; &#xCAA;&#xCA4;&#xCCD;&#xCA8;&#xCBF;&#xCAF;&#xCBF;&#xC82;&#xCA6; &#xCA6;&#xCC2;&#xCB0;&#xCB5;&#xCBE;&#xC97;&#xCBF;, &#xCB9;&#xCB3;&#xCC6;&#xCAF; &#xC95;&#xCBE;&#xCB2;&#xCA6; &#xC86; &#xCB0;&#xCB9;&#xCB8;&#xCCD;&#xCAF; &#xCB2;&#xCCB;&#xC95;&#xCA6;&#xCB2;&#xCCD;&#xCB2;&#xCBF; &#xCAE;&#xCC1;&#xCB3;&#xCC1;&#xC97;&#xCBF;&#xCB9;&#xCCB;&#xC97;&#xCC1;&#xCA4;&#xCCD;&#xCA4;&#xCBE;&#xCA8;&#xCC6;. &#xC87;&#xCA6;&#xCC1; &#xCAA;&#xCCD;&#xCB0;&#xCB8;&#xCCD;&#xCA4;&#xCC1;&#xCA4; &#xC9C;&#xCC0;&#xCB5;&#xCA8; &#xCAE;&#xCA4;&#xCCD;&#xCA4;&#xCC1; &#xC97;&#xCA4;&#xC95;&#xCBE;&#xCB2;&#xCA6; &#xCA8;&#xCA1;&#xCC1;&#xCB5;&#xCBF;&#xCA8; &#xCB8;&#xC82;&#xC98;&#xCB0;&#xCCD;&#xCB7;&#xCB5;&#xCA8;&#xCCD;&#xCA8;&#xCC1; &#xC9A;&#xCBF;&#xCA4;&#xCCD;&#xCB0;&#xCBF;&#xCB8;&#xCC1;&#xCA4;&#xCCD;&#xCA4;&#xCA6;&#xCC6;.
&#xCA5;&#xCC0;&#xCAE;&#xCCD;: &#xCB2;&#xCC8;&#xC82;&#xC97;&#xCBF;&#xC95;&#xCA4;&#xCC6;, &#xCAE;&#xCB9;&#xCA4;&#xCCD;&#xCB5;&#xCBE;&#xC95;&#xCBE;&#xC82;&#xC95;&#xCCD;&#xCB7;&#xCC6; &#xCAE;&#xCA4;&#xCCD;&#xCA4;&#xCC1; &#xCAA;&#xCCD;&#xCB0;&#xCC0;&#xCA4;&#xCBF;&#xCAF; &#xCA8;&#xCA1;&#xCC1;&#xCB5;&#xCBF;&#xCA8; &#xC85;&#xCA4;&#xCC0;&#xC82;&#xCA6;&#xCCD;&#xCB0;&#xCBF;&#xCAF; &#xCB0;&#xCB8;&#xCBE;&#xCAF;&#xCA8;&#xCB6;&#xCBE;&#xCB8;&#xCCD;&#xCA4;&#xCCD;&#xCB0;&#xCB5;&#xCA8;&#xCCD;&#xCA8;&#xCC1; (alchemy) &#xC88; &#xCAA;&#xCC1;&#xCB8;&#xCCD;&#xCA4;&#xC95;&#xCB5;&#xCC1; &#xC85;&#xCA4;&#xCCD;&#xCAF;&#xC82;&#xCA4; &#xCAE;&#xCC1;&#xC95;&#xCCD;&#xCA4;&#xCB5;&#xCBE;&#xC97;&#xCBF; &#xCAE;&#xCA4;&#xCCD;&#xCA4;&#xCC1; &#xCAA;&#xCCD;&#xCB0;&#xCAC;&#xCB2;&#xCB5;&#xCBE;&#xC97;&#xCBF; &#xCB5;&#xCBF;&#xCB5;&#xCB0;&#xCBF;&#xCB8;&#xCC1;&#xCA4;&#xCCD;&#xCA4;&#xCA6;&#xCC6;. 
&#xCAA;&#xCC1;&#xCB8;&#xCCD;&#xCA4;&#xC95;&#xCA6; &#xC9A;&#xCBF;&#xCA4;&#xCCD;&#xCB0;&#xC97;&#xCB3;&#xCC1; (Images)
&#xC95;&#xCA8;&#xCCD;&#xCA8;&#xCA1; &#xC86;&#xCB5;&#xCC3;&#xCA4;&#xCCD;&#xCA4;&#xCBF;&#xCAF; &#xCAE;&#xCC1;&#xC96;&#xCAA;&#xCC1;&#xC9F;&#xCB5;&#xCC1; &#xCAE;&#xCC2;&#xCB2; &#xC87;&#xC82;&#xC97;&#xCCD;&#xCB2;&#xCBF;&#xCB7;&#xCCD; &#xC86;&#xCB5;&#xCC3;&#xCA4;&#xCCD;&#xCA4;&#xCBF;&#xCAF;&#xC82;&#xCA4;&#xCC6;&#xCAF;&#xCC7; &#xC87;&#xCB0;&#xCC1;&#xCA4;&#xCCD;&#xCA4;&#xCA6;&#xCC6; &#xC85;&#xCA5;&#xCB5;&#xCBE; &#xCAA;&#xCCD;&#xCB0;&#xCBE;&#xCA6;&#xCC7;&#xCB6;&#xCBF;&#xC95; &#xCB5;&#xCBF;&#xCA8;&#xCCD;&#xCAF;&#xCBE;&#xCB8;&#xCB5;&#xCA8;&#xCCD;&#xCA8;&#xCC1; &#xCB9;&#xCCA;&#xC82;&#xCA6;&#xCBF;&#xCB0;&#xCC1;&#xCA4;&#xCCD;&#xCA4;&#xCA6;&#xCC6;. 2026&#xCB0; &#xCB2;&#xCAD;&#xCCD;&#xCAF;&#xCA4;&#xCC6;&#xCAF; &#xCAA;&#xCCD;&#xCB0;&#xC95;&#xCBE;&#xCB0; &#xC9A;&#xCBF;&#xCA4;&#xCCD;&#xCB0;&#xC97;&#xCB3;&#xCC1; &#xC87;&#xCB2;&#xCCD;&#xCB2;&#xCBF;&#xCB5;&#xCC6;:
. 
</subfield>
  </datafield>
  <datafield tag="650" ind1=" " ind2=" ">
    <subfield code="a">Alchemy of Desire</subfield>
    <subfield code="9">252012</subfield>
  </datafield>
  <datafield tag="650" ind1=" " ind2=" ">
    <subfield code="a">Kannada Romantic Novel</subfield>
    <subfield code="9">252013</subfield>
  </datafield>
  <datafield tag="650" ind1=" " ind2=" ">
    <subfield code="a">Alchemy of Desire</subfield>
    <subfield code="9">252019</subfield>
  </datafield>
  <datafield tag="650" ind1=" " ind2=" ">
    <subfield code="a">Translated in English to Kannada</subfield>
    <subfield code="9">252021</subfield>
  </datafield>
  <datafield tag="700" ind1=" " ind2=" ">
    <subfield code="a">Rahu</subfield>
    <subfield code="9">252014</subfield>
  </datafield>
  <datafield tag="700" ind1=" " ind2=" ">
    <subfield code="a">&#xCB0;&#xCBE;&#xCB9;&#xCC1; tr</subfield>
    <subfield code="9">252015</subfield>
  </datafield>
  <datafield tag="942" ind1=" " ind2=" ">
    <subfield code="2">ddc</subfield>
    <subfield code="c">BK</subfield>
  </datafield>
  <datafield tag="999" ind1=" " ind2=" ">
    <subfield code="c">240804</subfield>
    <subfield code="d">240804</subfield>
  </datafield>
  <datafield tag="952" ind1=" " ind2=" ">
    <subfield code="0">0</subfield>
    <subfield code="1">0</subfield>
    <subfield code="2">ddc</subfield>
    <subfield code="4">0</subfield>
    <subfield code="7">0</subfield>
    <subfield code="8">KAN</subfield>
    <subfield code="a">AL</subfield>
    <subfield code="b">AL</subfield>
    <subfield code="c">SK</subfield>
    <subfield code="d">2026-01-14</subfield>
    <subfield code="e">Navakarnataka Publication Pvt Ltd Mangalore</subfield>
    <subfield code="g">680.00</subfield>
    <subfield code="l">1</subfield>
    <subfield code="o">K894.3 TARK</subfield>
    <subfield code="p">078046</subfield>
    <subfield code="r">2026-02-10 08:16:28</subfield>
    <subfield code="s">2026-02-06</subfield>
    <subfield code="v">850.00</subfield>
    <subfield code="w">2026-01-13</subfield>
    <subfield code="y">BK</subfield>
  </datafield>
</record>
